[Event "have a good game"]
[Site "SchemingMind.com"]
[Date "2008.05.30"]
[Round "-"]
[White "keen"]
[Black "aston294"]
[Result "1-0"]
[WhiteCountry "SCO"]
[BlackCountry "ENG"]
[WhiteElo "1796"]
[WhiteRD "57"]
[BlackElo "1122"]
[BlackRD "73"]
[GameID "157048"]

1. e4 e5 2. Nf3 Nf6 3. Nxe5 d6 4. Nf3 Nxe4 5. Nc3 Nc5 6. Bc4 d5 7. Bxd5 c6 8. Bc4 Nbd7 9. O-O Nb6 10. Re1+ Be6
11. d4 Nxc4 12. dxc5 Bxc5 13. Bg5 f6 14. Bh4 Nxb2 15. Rxe6+ Kf7 16. Qe1 Qd4 17. Nxd4 Bxd4 18. Re7+ Kg6 19. Rb1 Rae8 20. Rxe8 Rxe8
21. Qxe8+ Kf5 22. Qe4#
1-0

[Event "have a good game"]
[Site "SchemingMind.com"]
[Date "2008.05.30"]
[Round "-"]
[White "aston294"]
[Black "keen"]
[Result "0-1"]
[WhiteCountry "ENG"]
[BlackCountry "SCO"]
[WhiteElo "1122"]
[WhiteRD "73"]
[BlackElo "1796"]
[BlackRD "57"]
[GameID "157049"]

1. c4 Nf6 2. d3 g6 3. e4 Bg7 4. Nc3 O-O 5. Bf4 d6 6. Nd5 Nxd5 7. cxd5 Bxb2 8. Qb1 Bxa1 9. Qxa1 f6 10. e5 dxe5
11. Be3 Qxd5 12. Nf3 Be6 13. Bh6 Rd8 14. Qc1 Nc6 15. Be2 Qxa2 16. Bf1 Qa5+ 17. Kd1 Bb3+ 18. Ke2 e4 19. dxe4 Qa2+ 20. Nd2 Rd4
21. Qc3 Rxe4+ 22. Kf3 Rb4 23. Nxb3 Rxb3 24. Qxb3+ Qxb3+ 25. Ke2 Nd4+
0-1

[Event "have a good game"]
[Site "SchemingMind.com"]
[Date "2008.05.30"]
[Round "-"]
[White "Manfred Kraut"]
[Black "keen"]
[Result "0-1"]
[WhiteCountry "GER"]
[BlackCountry "SCO"]
[WhiteElo "1388"]
[WhiteRD "83"]
[BlackElo "1796"]
[BlackRD "57"]
[GameID "157082"]

1. e4 c5 2. d4 cxd4 3. c3 dxc3 4. Nxc3 g6 5. Bf4 Bg7 6. Bc4 e6 7. Rb1 Nf6 8. e5 Nh5 9. g3 Nxf4 10. gxf4 Nc6
11. Nf3 O-O 12. Rg1 Na5 13. b3 Nxc4 14. bxc4 b6 15. Qd3 Bb7 16. Ng5 Rc8 17. Qh3 h6 18. Nxf7 Rxf7 19. Rxg6 Kh7 20. Rg1 Rxc4
21. Qg3 Rcxf4 22. Qg6+ Kh8 23. Ne2 Rxf2 24. Qxg7+ Rxg7 25. Kxf2 Qh4+ 26. Ng3 Qxh2+ 27. Ke3 Rxg3+ 28. Rxg3 Qxg3+
0-1

[Event "have a good game"]
[Site "SchemingMind.com"]
[Date "2008.05.30"]
[Round "-"]
[White "Manfred Kraut"]
[Black "aston294"]
[Result "1-0"]
[WhiteCountry "GER"]
[BlackCountry "ENG"]
[WhiteElo "1388"]
[WhiteRD "83"]
[BlackElo "1122"]
[BlackRD "73"]
[GameID "157083"]

1. e4 e5 2. Nf3 Nf6 3. Nxe5 Nxe4 4. Qe2 Nc6 5. Qxe4 Nxe5 6. d4 d6 7. dxe5 Qe7 8. Bd3 dxe5 9. Bb5+ Bd7 10. Qxb7 Rb8
11. Qxb8+ Qd8 12. Bxd7+ Kxd7 13. Qxa7 Bb4+ 14. c3 Qa8 15. Qe3 Bd6 16. O-O f6 17. Rd1 f5 18. Qxe5 Qa4 19. Qxg7+ Kd8 20. b3 Qe8
21. Bg5+ Kc8 22. b4 Qe2 23. Qxh8+ Kd7 24. Na3 h5 25. Qd8+ Kc6 26. b5+ Kc5 27. Be3+ Qxe3 28. fxe3
1-0

[Event "have a good game"]
[Site "SchemingMind.com"]
[Date "2008.05.31"]
[Round "-"]
[White "keen"]
[Black "Manfred Kraut"]
[Result "1-0"]
[WhiteCountry "SCO"]
[BlackCountry "GER"]
[WhiteElo "1796"]
[WhiteRD "57"]
[BlackElo "1388"]
[BlackRD "83"]
[GameID "157085"]

1. d4 g6 2. b3 Bg7 3. Bb2 d5 4. Nc3 Nf6 5. Nf3 O-O 6. g3 c6 7. Bg2 Bf5 8. O-O Qd7 9. Re1 b5 10. e4 dxe4
11. Ng5 Bh6 12. Ngxe4 Bg4 13. Qd3 Bf5 14. Nxf6+ exf6 15. Qd1 a6 16. Ne4 Bg5 17. Nxg5 fxg5 18. Qd2 Ra7 19. Qxg5 Re8 20. Rxe8+ Qxe8
21. d5 cxd5 22. Qf6
1-0

[Event "have a good game"]
[Site "SchemingMind.com"]
[Date "2008.05.31"]
[Round "-"]
[White "aston294"]
[Black "Manfred Kraut"]
[Result "0-1"]
[WhiteCountry "ENG"]
[BlackCountry "GER"]
[WhiteElo "1122"]
[WhiteRD "73"]
[BlackElo "1388"]
[BlackRD "83"]
[GameID "157086"]

1. e4 e5 2. Bb5 a6 3. Bc4 Nf6 4. d3 Bc5 5. Bg5 h6 6. Be3 Nc6 7. Nf3 Bxe3 8. Qe2 Ba7 9. b3 O-O 10. d4 d6
11. a4 Qe7 12. Nc3 exd4 13. Nd5 Nxd5 14. Bxd5 Be6 15. Bc4 Bxc4 16. bxc4 Rfe8 17. Qd3 Nb4 18. Qc3 Qxe4+ 19. Qe3 Nxc2+ 20. Kd1 Nxe3+
21. fxe3 Qd3+ 22. Ke1 Rxe3+ 23. Kf2 Re5 24. Nxe5 Qe3+ 25. Kf1 d3 26. Nd7 Qf2#
0-1

[Event "have a good game"]
[Site "SchemingMind.com"]
[Date "2008.05.30"]
[Round "-"]
[White "rampichino"]
[Black "Manfred Kraut"]
[Result "1/2-1/2"]
[WhiteCountry "ITA"]
[BlackCountry "GER"]
[WhiteElo "1318"]
[WhiteRD "69"]
[BlackElo "1388"]
[BlackRD "83"]
[GameID "157088"]

1. e4 e5 2. Nf3 b6 3. Nxe5 Be7 4. Bc4 d6 5. Bxf7+ Kf8 6. Qf3 Nf6 7. Ng6+ hxg6 8. Bxg6 Bg4 9. Qf4 Rh6 10. f3 Rxg6
11. fxg4 Rxg4 12. Qf3 Qd7 13. O-O Nc6 14. c3 Kg8 15. d4 d5 16. e5 Nh5 17. Qf7+ Kh7 18. Qxh5+ Kg8 19. Qf7+=
1/2-1/2

[Event "have a good game"]
[Site "SchemingMind.com"]
[Date "2008.05.30"]
[Round "-"]
[White "rampichino"]
[Black "keen"]
[Result "0-1"]
[WhiteCountry "ITA"]
[BlackCountry "SCO"]
[WhiteElo "1137"]
[WhiteRD "68"]
[BlackElo "1778"]
[BlackRD "57"]
[GameID "157089"]

1. e4 c5 2. c3 Nc6 3. d4 e6 4. Nf3 cxd4 5. Nxd4 g6 6. Bc4 Bg7 7. Be3 Nf6 8. Nd2 O-O 9. f4 a6 10. e5 Ne8
11. N2f3 d6 12. exd6 Nxd6 13. Bb3 Na5 14. O-O Nxb3 15. Qxb3 Qe7 16. Rfe1 Bd7 17. Ne5 Be8 18. Rad1 Rc8 19. Re2 f6 20. Nxe6 fxe5
21. Nxf8+ Kxf8
0-1

[Event "have a good game"]
[Site "SchemingMind.com"]
[Date "2008.05.30"]
[Round "-"]
[White "rampichino"]
[Black "aston294"]
[Result "0-1"]
[WhiteCountry "ITA"]
[BlackCountry "ENG"]
[WhiteElo "1137"]
[WhiteRD "68"]
[BlackElo "1109"]
[BlackRD "68"]
[GameID "157090"]

1. e4 e5 2. Nf3 Nc6 3. d4 Nf6 4. Nc3 exd4 5. Nxd4 d5 6. exd5 Nxd5 7. Nxc6 bxc6 8. Nxd5 cxd5 9. Bd3 Bc5 10. O-O h5
11. Be3 Bb4 12. c3 Bd6 13. Re1 Rb8 14. Bg5+ Be6 15. Bf5 Qd7 16. Qxd5 f6 17. Rxe6+ Kd8 18. Rxf6 c6
0-1

[Event "have a good game"]
[Site "SchemingMind.com"]
[Date "2008.05.30"]
[Round "-"]
[White "Manfred Kraut"]
[Black "rampichino"]
[Result "1-0"]
[WhiteCountry "GER"]
[BlackCountry "ITA"]
[WhiteElo "1423"]
[WhiteRD "76"]
[BlackElo "1137"]
[BlackRD "68"]
[GameID "157092"]

1. e4 d5 2. e5 c5 3. d4 e6 4. Nf3 Nc6 5. c3 Qb6 6. Na3 cxd4 7. cxd4 Bb4+ 8. Bd2 Bd7 9. Nc2 Bxd2+ 10. Nxd2 Nxd4
11. Nxd4 Qxd4 12. Qb3 Ne7 13. Qxb7 Bc6 14. Bb5 Qb6 15. Bxc6+ Qxc6 16. Qxc6+ Nxc6 17. O-O Nxe5 18. Rac1 O-O 19. f4 Nd3 20. Rc2 Rfc8
21. Rxc8+ Rxc8 22. g3 Nxb2 23. Rb1 Nc4 24. Nxc4 dxc4 25. Rc1 c3 26. Kf2 f6 27. Ke2
1-0

[Event "have a good game"]
[Site "SchemingMind.com"]
[Date "2008.05.30"]
[Round "-"]
[White "keen"]
[Black "rampichino"]
[Result "1-0"]
[WhiteCountry "SCO"]
[BlackCountry "ITA"]
[WhiteElo "1796"]
[WhiteRD "57"]
[BlackElo "1318"]
[BlackRD "69"]
[GameID "157093"]

1. d4 d5 2. e3 Nf6 3. Bd3 e6 4. Nd2 c5 5. c3 c4 6. Bc2 Nc6 7. f4 Bd6 8. Ngf3 b5 9. Ne5 Bb7 10. O-O Nd7
11. Qf3 Ndxe5 12. fxe5 Be7 13. Qxf7+ Kd7 14. Qxg7 h5 15. e4 Rg8 16. Qh6 Bg5 17. Rf7+ Ne7 18. Qxh5
1-0

[Event "have a good game"]
[Site "SchemingMind.com"]
[Date "2008.05.31"]
[Round "-"]
[White "aston294"]
[Black "rampichino"]
[Result "1-0"]
[WhiteCountry "ENG"]
[BlackCountry "ITA"]
[WhiteElo "1109"]
[WhiteRD "68"]
[BlackElo "1137"]
[BlackRD "68"]
[GameID "157094"]

1. e4 d5 2. e5 c5 3. d4 e6 4. dxc5 Bxc5 5. Be3 Bxe3 6. fxe3 Ne7 7. c4 Nbc6 8. cxd5 Qxd5 9. Nd2 O-O 10. Rc1 Nxe5
11. Ndf3 Qa5+ 12. Nd2 b6 13. Rc7 Bd7 14. Qb3 Ba4 15. Qd3 Nxd3+ 16. Bxd3 Nd5 17. Rc6 Bxc6 18. Nf3
1-0

[Event "have a good game"]
[Site "SchemingMind.com"]
[Date "2008.05.31"]
[Round "-"]
[White "Alfilderey4"]
[Black "Manfred Kraut"]
[Result "1-0"]
[WhiteCountry "NCA"]
[BlackCountry "GER"]
[WhiteElo "2165"]
[WhiteRD "136"]
[BlackElo "1423"]
[BlackRD "76"]
[GameID "157138"]

1. d4 g6 2. e4 Bg7 3. Nf3 Nf6 4. e5 Nd5 5. c4 Nb6 6. Nc3 O-O 7. c5 d5 8. cxb6 cxb6 9. Bb5 a6 10. Bd3 b5
11. O-O Bd7 12. Nxd5 e6 13. Bg5 Qc8 14. Ne7+ Kh8 15. Nxc8 Bxc8 16. Rc1 Nd7 17. Be4 h6 18. Bd2 f5 19. exf6 Nxf6 20. Bxg6
1-0

[Event "have a good game"]
[Site "SchemingMind.com"]
[Date "2008.05.31"]
[Round "-"]
[White "Alfilderey4"]
[Black "keen"]
[Result "1-0"]
[WhiteCountry "NCA"]
[BlackCountry "SCO"]
[WhiteElo "2165"]
[WhiteRD "136"]
[BlackElo "1778"]
[BlackRD "57"]
[GameID "157139"]

1. d4 d5 2. c4 e6 3. cxd5 exd5 4. Nc3 Nf6 5. Bg5 Be7 6. Qc2 O-O 7. e3 c6 8. Bd3 h6 9. Bf4 Re8 10. Nf3 Nbd7
11. O-O Nf8 12. h3 Ne6 13. Bh2 Bd6 14. Bxd6 Qxd6 15. a3 Nf8 16. b4 Ne6 17. Rfb1 Nd7 18. a4 a6 19. b5 axb5 20. axb5 Rxa1
21. Rxa1 c5 22. Bh7+ Kh8 23. Bf5 cxd4 24. Bxe6 Qxe6 25. Nxd4 Qe5 26. Qf5 Qxf5 27. Nxf5 Nf6 28. Nd6 Rd8 29. Nxf7+
1-0

[Event "have a good game"]
[Site "SchemingMind.com"]
[Date "2008.05.30"]
[Round "-"]
[White "Alfilderey4"]
[Black "aston294"]
[Result "1-0"]
[WhiteCountry "NCA"]
[BlackCountry "ENG"]
[WhiteElo "2165"]
[WhiteRD "136"]
[BlackElo "1109"]
[BlackRD "68"]
[GameID "157141"]

1. f4 Nc6 2. e4 Nf6 3. Nc3 e5 4. Nf3 d6 5. d3 exf4 6. Bxf4 Nb4 7. a3 Nc6 8. d4 Bg4 9. Be2 h5 10. h3 Be6
11. d5 Bd7 12. dxc6 bxc6 13. e5 dxe5 14. Nxe5 Be6 15. Qxd8+ Kxd8 16. Nxc6+ Kd7 17. Bb5 a6 18. Ba4 Nd5 19. Nxd5 Bxd5 20. Nb4+ Ke7
21. Nxd5+ Ke6 22. Nxc7+ Ke7 23. Nxa8 Kd8 24. Bc6
1-0

[Event "have a good game"]
[Site "SchemingMind.com"]
[Date "2008.06.01"]
[Round "-"]
[White "Manfred Kraut"]
[Black "Alfilderey4"]
[Result "0-1"]
[WhiteCountry "GER"]
[BlackCountry "NCA"]
[WhiteElo "1423"]
[WhiteRD "76"]
[BlackElo "2165"]
[BlackRD "136"]
[GameID "157143"]

1. e4 c5 2. d4 cxd4 3. c3 Nf6 4. e5 Nd5 5. Nf3 e6 6. Bc4 dxc3 7. Nxc3 Nxc3 8. bxc3 d5 9. Bd3 Nc6 10. O-O Bc5
11. a4 Qc7 12. Bb2 Nxe5 13. Nxe5 Qxe5 14. Bb5+ Kf8 15. g3 a6 16. Re1 Qf5 17. Bd3 Bxf2+ 18. Kg2 Qg5 19. Rf1 Bc5 20. Qf3 Qd2+
21. Kh3 e5+ 22. g4 Be6 23. Bf5 e4 24. Qf4 Qxf4 25. Rxf4 Ke7 26. Rc1 Be3
0-1

[Event "have a good game"]
[Site "SchemingMind.com"]
[Date "2008.06.01"]
[Round "-"]
[White "keen"]
[Black "Alfilderey4"]
[Result "0-1"]
[WhiteCountry "SCO"]
[BlackCountry "NCA"]
[WhiteElo "1778"]
[WhiteRD "57"]
[BlackElo "2165"]
[BlackRD "136"]
[GameID "157144"]

1. d4 Nf6 2. e3 d5 3. Bd3 Nc6 4. c3 e5 5. Nd2 Bd6 6. Be2 O-O 7. Ngf3 Qe7 8. O-O e4 9. Ne1 Nd7 10. c4 Qe6
11. cxd5 Qxd5 12. Bc4 Qf5 13. b3 Nb6 14. Be2 Bd7 15. h3 Nd5 16. Bg4 Qg5 17. Bxd7 Nf6 18. Bxc6 bxc6 19. Qc2 Qd5 20. Bb2 a5
21. Nc4 Rfb8 22. Nxd6 cxd6 23. Rc1 a4 24. Qxc6 axb3 25. axb3 Qxb3 26. Bc3 Rc8 27. Ra1 Rab8 28. Qxd6 Qxc3 29. Ra7 h6 30. Qe7 Qc4
31. Nc2 Kh8 32. Na3 Qxf1+
0-1

[Event "have a good game"]
[Site "SchemingMind.com"]
[Date "2008.05.30"]
[Round "-"]
[White "rampichino"]
[Black "Alfilderey4"]
[Result "0-1"]
[WhiteCountry "ITA"]
[BlackCountry "NCA"]
[WhiteElo "1137"]
[WhiteRD "68"]
[BlackElo "2165"]
[BlackRD "136"]
[GameID "157145"]

1. e4 c5 2. c3 Nf6 3. e5 Nd5 4. d4 cxd4 5. cxd4 d6 6. Nf3 Nc6 7. Bc4 Nb6 8. Bb3 dxe5 9. d5 Na5 10. Nc3 Nxb3
0-1

[Event "have a good game"]
[Site "SchemingMind.com"]
[Date "2008.05.30"]
[Round "-"]
[White "aston294"]
[Black "Alfilderey4"]
[Result "0-1"]
[WhiteCountry "ENG"]
[BlackCountry "NCA"]
[WhiteElo "1109"]
[WhiteRD "68"]
[BlackElo "2165"]
[BlackRD "136"]
[GameID "157146"]

1. d4 Nf6 2. Nf3 g6 3. Ne5 d6 4. Nf3 Bg7 5. e3 O-O 6. Nc3 Nbd7 7. Ng5 e5 8. h4 exd4 9. exd4 Re8+ 10. Kd2 Bh6
11. f4 Nh5 12. Bb5 f6 13. Re1 fxg5 14. fxg5 Bg7 15. Nd5 Rxe1 16. Qxe1 Bf8 17. a4 c6 18. Nf6+ Ndxf6 19. gxf6 cxb5 20. axb5 Qxf6
21. c3 Bh6+ 22. Kc2 Bf5+ 23. Kb3 Qe6+ 24. Qxe6+ Bxe6+ 25. Kb4 Bxc1 26. Rxc1 Nf4 27. g3 Nd3+ 28. Ka3 Nxc1
0-1

[Event "have a good game"]
[Site "SchemingMind.com"]
[Date "2008.05.31"]
[Round "-"]
[White "trss"]
[Black "Manfred Kraut"]
[Result "1-0"]
[WhiteCountry "IND"]
[BlackCountry "GER"]
[WhiteElo "1745"]
[WhiteRD "149"]
[BlackElo "1388"]
[BlackRD "83"]
[GameID "157163"]

1. e4 e5 2. Nf3 Nc6 3. Bc4 Bc5 4. O-O Nf6 5. Ng5 h6 6. Nxf7 Ke7 7. Nxd8 Rxd8 8. Nc3 d6 9. Nd5+ Nxd5 10. Bxd5 Nb4
11. Bb3 Rf8 12. d3 g6 13. c3 Nc6 14. Bxh6 Rh8 15. Bg5+ Kd7 16. Bf7 Na5 17. b4 Bxb4 18. cxb4
1-0

[Event "have a good game"]
[Site "SchemingMind.com"]
[Date "2008.05.31"]
[Round "-"]
[White "trss"]
[Black "keen"]
[Result "1-0"]
[WhiteCountry "IND"]
[BlackCountry "SCO"]
[WhiteElo "1773"]
[WhiteRD "129"]
[BlackElo "1771"]
[BlackRD "55"]
[GameID "157164"]

1. e4 e5 2. Nf3 Nc6 3. Bc4 Bc5 4. O-O Nf6 5. c3 O-O 6. d4 exd4 7. cxd4 Bb6 8. Nc3 d6 9. Bg5 Bg4 10. h3 Bh5
11. Nd5 Kh8 12. g4 Bg6 13. e5 dxe5 14. dxe5 h6 15. Bh4 Be4 16. exf6 g5 17. Bxg5 hxg5 18. Nxg5 Bxd5 19. Bxd5 Qxf6 20. Qd2 Kg7
21. Ne4 Qh6 22. Qxh6+ Kxh6 23. Bxc6 bxc6 24. Rac1 Rfe8 25. Rxc6+ Kg7 26. Ng3 Rad8 27. Nf5+ Kf8 28. Rh6 Kg8 29. Kg2 Rd2 30. Rf6 Ree2
31. g5 Bxf2 32. Nh6+ Kf8 33. Rxf7+ Ke8 34. R1xf2
1-0

[Event "have a good game"]
[Site "SchemingMind.com"]
[Date "2008.05.31"]
[Round "-"]
[White "trss"]
[Black "rampichino"]
[Result "1-0"]
[WhiteCountry "IND"]
[BlackCountry "ITA"]
[WhiteElo "1781"]
[WhiteRD "130"]
[BlackElo "1137"]
[BlackRD "68"]
[GameID "157165"]

1. e4 d5 2. exd5 Qxd5 3. Nc3 Qd6 4. Bc4 Be6 5. Bb3 Bxb3 6. axb3 e5 7. Nf3 Nc6 8. O-O O-O-O 9. Nb5 Qb4 10. Nxa7+ Nxa7
11. Rxa7
1-0

[Event "have a good game"]
[Site "SchemingMind.com"]
[Date "2008.05.31"]
[Round "-"]
[White "trss"]
[Black "aston294"]
[Result "1-0"]
[WhiteCountry "IND"]
[BlackCountry "ENG"]
[WhiteElo "1745"]
[WhiteRD "149"]
[BlackElo "1122"]
[BlackRD "73"]
[GameID "157166"]

1. e4 e5 2. Nf3 Nf6 3. Nxe5 d6 4. Nxf7 Kxf7 5. d4 Nxe4 6. Qh5+ g6 7. Qd5+ Ke7 8. Qxe4+ Kf6 9. Bc4 Qe7 10. Nc3 Nc6
11. Nd5+ Kf7 12. Nxe7+ Ke8 13. Nxc6+ Kd7 14. Be6+ Ke8 15. Bd5+ Kd7 16. Qe6#
1-0

[Event "have a good game"]
[Site "SchemingMind.com"]
[Date "2008.06.01"]
[Round "-"]
[White "trss"]
[Black "Alfilderey4"]
[Result "1-0"]
[WhiteCountry "IND"]
[BlackCountry "NCA"]
[WhiteElo "1833"]
[WhiteRD "114"]
[BlackElo "1269"]
[BlackRD "112"]
[GameID "157168"]

1. e4 c5 2. Bc4 Nc6 3. Nf3 e6 4. O-O d6 5. d4 cxd4 6. Nxd4 Nf6 7. Bb5 Bd7 8. Bg5 h6 9. Bxf6 Qxf6 10. c3 a6
11. Be2 Be7 12. f4 e5 13. fxe5 Qxe5 14. Nf5 Bxf5 15. exf5 O-O 16. Nd2 d5 17. Bg4 Rfe8 18. Nf3 d4 19. Nxe5 Nxe5 20. Bh5 d3
21. Qb3 b5 22. Rae1 Nc4 23. Kh1 d2 24. Re4
1-0

[Event "have a good game"]
[Site "SchemingMind.com"]
[Date "2008.06.02"]
[Round "-"]
[White "Manfred Kraut"]
[Black "trss"]
[Result "0-1"]
[WhiteCountry "GER"]
[BlackCountry "IND"]
[WhiteElo "1388"]
[WhiteRD "83"]
[BlackElo "1745"]
[BlackRD "149"]
[GameID "157169"]

1. e4 e5 2. Nf3 Nc6 3. Bc4 d6 4. a3 Be7 5. O-O Nf6 6. d3 O-O 7. Nc3 Be6 8. Bxe6 fxe6 9. Be3 d5 10. d4 exd4
11. Nxd4 Nxd4 12. Bxd4 b6 13. e5 Nd7 14. Qg4 Rf5 15. f4 Bc5 16. Bxc5 Nxc5 17. Rf3 Ne4 18. Nxe4 dxe4 19. Rg3 g6 20. h4 Qd4+
21. Kh2 Raf8 22. h5 Rxf4 23. Qg5 R8f5 24. hxg6 Rxg5 25. gxh7+ Kxh7 26. Rxg5 Rh4+ 27. Kg3 e3
0-1

[Event "have a good game"]
[Site "SchemingMind.com"]
[Date "2008.06.02"]
[Round "-"]
[White "keen"]
[Black "trss"]
[Result "0-1"]
[WhiteCountry "SCO"]
[BlackCountry "IND"]
[WhiteElo "1796"]
[WhiteRD "57"]
[BlackElo "1745"]
[BlackRD "149"]
[GameID "157170"]

1. d4 d5 2. e3 Nc6 3. Nd2 e5 4. dxe5 Nxe5 5. Ngf3 Bd6 6. Be2 Nf6 7. O-O O-O 8. b3 Nxf3+ 9. Bxf3 Be5 10. Rb1 Bf5
11. c4 Bxb1 12. Ba3 Bd3 13. Bxf8 Bxf1 14. Bxg7 Bxg2 15. Bxf6 Bxf3 16. Qxf3 Qxf6 17. Qxd5 Rd8 18. Qg2+ Qg7 19. Nf3 Rd1+
0-1

[Event "have a good game"]
[Site "SchemingMind.com"]
[Date "2008.06.02"]
[Round "-"]
[White "rampichino"]
[Black "trss"]
[Result "0-1"]
[WhiteCountry "ITA"]
[BlackCountry "IND"]
[WhiteElo "1137"]
[WhiteRD "68"]
[BlackElo "1781"]
[BlackRD "130"]
[GameID "157171"]

1. e4 e5 2. Nf3 Nc6 3. d4 exd4 4. Nxd4 Bc5 5. Be3 Qf6 6. c3 Nge7 7. Bc4 d5 8. exd5 Nxd4 9. Bxd4 Bxd4 10. cxd4 O-O
0-1

[Event "have a good game"]
[Site "SchemingMind.com"]
[Date "2008.06.02"]
[Round "-"]
[White "aston294"]
[Black "trss"]
[Result "0-1"]
[WhiteCountry "ENG"]
[BlackCountry "IND"]
[WhiteElo "1122"]
[WhiteRD "73"]
[BlackElo "1745"]
[BlackRD "149"]
[GameID "157172"]

1. e4 e5 2. Nf3 Nc6 3. Nc3 Bc5 4. Nd5 Nf6 5. Ng5 Nxd5 6. exd5 Qxg5 7. d4 Bb4+ 8. c3 Bxc3+ 9. Bd2 Bxd2+ 10. Qxd2 Qxd2+
11. Kxd2 Nxd4 12. Bc4 d6 13. Rac1 Bf5 14. b3 O-O 15. f3 Rfc8 16. Rcd1 c6 17. Rhe1 b5 18. Bf1 cxd5 19. a4 Rc2+ 20. Ke3 Rac8
21. Rc1 R8c3+ 22. Bd3 Rxd3#
0-1

[Event "have a good game"]
[Site "SchemingMind.com"]
[Date "2008.06.02"]
[Round "-"]
[White "Alfilderey4"]
[Black "trss"]
[Result "1-0"]
[WhiteCountry "NCA"]
[BlackCountry "IND"]
[WhiteElo "2044"]
[WhiteRD "194"]
[BlackElo "1773"]
[BlackRD "129"]
[GameID "157174"]

1. e4 e5 2. Nf3 Nc6 3. d4 exd4 4. Nxd4 Qe7 5. Nc3 d5 6. Bf4 Qb4 7. Nb5 Bd6 8. Bxd6 cxd6 9. Nc7+ Kd8 10. Nxa8 dxe4
11. a3 Qc5 12. Nxe4 Qe5 13. Qxd6+ Qxd6 14. Nxd6 Nge7 15. Nxf7+
1-0

[Event "have a good game"]
[Site "SchemingMind.com"]
[Date "2008.05.31"]
[Round "-"]
[White "Suraj Kumar"]
[Black "Manfred Kraut"]
[Result "1-0"]
[WhiteCountry "IND"]
[BlackCountry "GER"]
[WhiteElo "1885"]
[WhiteRD "157"]
[BlackElo "1388"]
[BlackRD "83"]
[GameID "157218"]

1. e4 e5 2. Nf3 Nc6 3. Bb5 a6 4. Bxc6 dxc6 5. O-O Bd6 6. Re1 Nf6 7. c3 O-O 8. d4 exd4 9. cxd4 Bb4 10. Nc3 Bxc3
11. bxc3 Bg4 12. h3 Bxf3 13. Qxf3 b6 14. Bg5 h6 15. Bh4 c5 16. e5 Nd5 17. Bxd8 Raxd8 18. Re4 cxd4 19. cxd4 a5 20. Qh5 Kh7
21. g4 f6 22. Rc1 g6 23. Qh4 g5 24. Qg3 fxe5 25. Qxe5 Nf6 26. Rxc7+ Nd7 27. Qe7+ Kg8 28. Re6
1-0

[Event "have a good game"]
[Site "SchemingMind.com"]
[Date "2008.06.02"]
[Round "-"]
[White "Suraj Kumar"]
[Black "keen"]
[Result "1-0"]
[WhiteCountry "IND"]
[BlackCountry "SCO"]
[WhiteElo "1885"]
[WhiteRD "157"]
[BlackElo "1796"]
[BlackRD "57"]
[GameID "157219"]

1. e4 e5 2. Nf3 Nc6 3. Bb5 a6 4. Ba4 Nf6 5. O-O b5 6. Bb3 Be7 7. c3 O-O 8. Re1 Bb7 9. d3 d6 10. h3 Na5
11. Bc2 Re8 12. Nbd2 Bf8 13. Nf1 g6 14. Bg5 Bg7 15. g4 Qd7 16. Ne3 h5 17. Nh2 Nh7 18. f4 Nxg5 19. fxg5 Qe7 20. h4 Bc8
21. gxh5 Kh7 22. Nd5 Qd7 23. Ng4 Rh8 24. Ngf6+
1-0

[Event "have a good game"]
[Site "SchemingMind.com"]
[Date "2008.06.02"]
[Round "-"]
[White "Suraj Kumar"]
[Black "aston294"]
[Result "1-0"]
[WhiteCountry "IND"]
[BlackCountry "ENG"]
[WhiteElo "1885"]
[WhiteRD "157"]
[BlackElo "1122"]
[BlackRD "73"]
[GameID "157221"]

1. e4 e5 2. Nf3 Nf6 3. d3 Nc6 4. Be2 d5 5. exd5 Nxd5 6. O-O Nd4 7. Nxd4 exd4 8. Re1 Bf5 9. Bg4+ Kd7 10. Bxf5+ Kd6
11. c4 Nf6 12. b3 g5 13. Bxg5 h6 14. Bf4+ Kc5 15. b4+ Kxb4 16. Qb3+ Kc5 17. Qb5#
1-0

[Event "have a good game"]
[Site "SchemingMind.com"]
[Date "2008.06.02"]
[Round "-"]
[White "Suraj Kumar"]
[Black "trss"]
[Result "1-0"]
[WhiteCountry "IND"]
[BlackCountry "IND"]
[WhiteElo "1885"]
[WhiteRD "157"]
[BlackElo "1745"]
[BlackRD "149"]
[GameID "157222"]

1. e4 e5 2. Nf3 Nc6 3. Bb5 a6 4. Ba4 b5 5. Bb3 Bc5 6. O-O Nf6 7. c3 Nxe4 8. d4 exd4 9. Re1 f5 10. cxd4 Bb4
11. Nc3 Ne7 12. Bg5 d5 13. Nxd5 Bxe1 14. Bxe7 Bxf2+ 15. Kf1 Qd7 16. Ne5 Qxe7 17. Nxe7 Kxe7 18. Bd5
1-0

[Event "have a good game"]
[Site "SchemingMind.com"]
[Date "2008.06.01"]
[Round "-"]
[White "Suraj Kumar"]
[Black "Alfilderey4"]
[Result "0-1"]
[WhiteCountry "IND"]
[BlackCountry "NCA"]
[WhiteElo "1883"]
[WhiteRD "136"]
[BlackElo "2165"]
[BlackRD "136"]
[GameID "157224"]

1. e4 c5 2. Nf3 Nc6 3. d4 cxd4 4. Nxd4 Nf6 5. Nc3 e6 6. Nxc6 dxc6 7. Qxd8+ Kxd8 8. Bg5 Bd6 9. O-O-O Kc7 10. h3 h6
11. Bxf6 gxf6 12. Bc4 Be5 13. Rd3 b5 14. Bb3 b4 15. Na4 Ba6 16. Rdd1 Rhg8 17. g3 Be2 18. Rd2 Bf3 19. Re1 Rad8 20. Re3 Bf4
21. gxf4 Rg1+
0-1

[Event "have a good game"]
[Site "SchemingMind.com"]
[Date "2008.06.02"]
[Round "-"]
[White "Manfred Kraut"]
[Black "Suraj Kumar"]
[Result "0-1"]
[WhiteCountry "GER"]
[BlackCountry "IND"]
[WhiteElo "1388"]
[WhiteRD "83"]
[BlackElo "1885"]
[BlackRD "157"]
[GameID "157225"]

1. e4 e5 2. Nf3 Nc6 3. Bc4 Nf6 4. d3 d6 5. O-O Be7 6. Ng5 O-O 7. Nc3 Bg4 8. f3 Bh5 9. Be3 Na5 10. Nd5 Nxd5
11. Bxd5 c6 12. Bb3 Nxb3 13. axb3 Bxg5 14. Bxg5 Qxg5 15. Rf2 f5 16. g3 f4 17. g4 Bg6 18. h3 h5 19. h4 Qxh4 20. Kf1 hxg4
21. Ke2 gxf3+ 22. Rxf3 Bh5 23. Qf1 Bxf3+ 24. Qxf3 Qh2+ 25. Qf2 f3+
0-1

[Event "have a good game"]
[Site "SchemingMind.com"]
[Date "2008.05.31"]
[Round "-"]
[White "keen"]
[Black "Suraj Kumar"]
[Result "1-0"]
[WhiteCountry "SCO"]
[BlackCountry "IND"]
[WhiteElo "1796"]
[WhiteRD "57"]
[BlackElo "1885"]
[BlackRD "157"]
[GameID "157226"]

1. d4 d5 2. e3 Nf6 3. Bd3 e6 4. Nd2 Bb4 5. c3 Ba5 6. f4 O-O 7. Ngf3 c6 8. Ne5 Nbd7 9. O-O Bc7 10. g4 c5
11. g5 Nxe5 12. fxe5 Nd7 13. Bxh7+ Kxh7 14. Qh5+ Kg8 15. Rf3 f6 16. g6 Rf7 17. gxf7+ Kf8 18. Rg3 Qe7 19. Qh8+
1-0